| 000 | 00597nam a2200181Ia 4500 | ||
|---|---|---|---|
| 003 | SISC | ||
| 005 | 20170116103445.0 | ||
| 008 | 140609s9999 xx 000 0 und d | ||
| 020 | _a9789810689278 | ||
| 050 |
_aHB 171 _b.T633 2011 |
||
| 100 | _aTodaro, Michael P. | ||
| 245 |
_aEssentials of developmental economics / _cMichael P. Todaro, Stephen C. Smith, Ahmed N.Y. Meandahawi. |
||
| 260 |
_aSingapore : _bPearson Education South Asia Pte Ltd., _c2011. |
||
| 300 |
_a466 pages : _bill. ; _c23 cm. |
||
| 500 | _aIncludes bibliographical references. | ||
| 942 |
_kFOR _cBK _2lcc |
||
| 999 |
_c118028 _d118028 |
||